000 00746nam a2200265Ia 4500
999 _c55363
_d55363
001 22441
003 GE_BSU
005 20230313113450.0
008 181216s2013||||fr |||||||||||||| ||fre||
020 _a9782011558145
040 _cGE_BSU
041 _afre
080 _a811.133.1D-70
100 _aDollez, Catherine
_917179
245 _aAlter Ego Methode de Frangais B1. 3 /
_cCatherine Dollez, Silvie Pons.
264 _aParis :
_bHachette,
_c2013.
300 _a223 p. :
_bill. ;
_c29 cm.
_e+1CD
541 _h95 Gel. 10 T.
653 _aAlter Ego
653 _aMethode de Frangais
653 _aგრამატიკა
653 _aფრანგული ენა
700 _aPons, Silvie
_eby
_917180
942 _cBK
_2udc